Nitra mapa mesta

Bibliographic Details
Corporate Author: MAPA Slovakia Plus (Bratislava, Slovensko) (Author)
Format: Map
Language:Slovak
English
German
Hungarian
PhysicalDescription:1 mapa fareb. 96 x 66 cm zložená na 23 x 13 cm
Published: Bratislava Mapa Slovakia Plus c2004
ISBN:8096888935
Edition:[1. vyd.]
Subjects:

MARC

LEADER 00000nem a2200000 a 4500
001 vtls001475713
003 SK-MaSNL
005 20260301223522.0
007 aj cazzn
008 160430s2004 xo a 1 slo
015 |a SNBC2004/04-02006 
020 |a 8096888935 
035 |a SNK000431014 
040 |a SNK  |b slo  |c SNK  |e AACR2 
041 0 |a slo  |a eng  |a ger  |a hun 
043 |a e-xo--- 
044 |a xo  |c SK 
072 7 |a 912  |x Mapy. Atlasy  |2 konspekt 
080 |a 91(437.6-21)  |2 1981 
080 |a 796.5  |2 1981 
080 |a 911.37  |2 1981 
080 |a 912.43  |2 1981 
080 |a (084.3)  |2 1981 
080 |a 796.4(437.6)(084.3)=00  |2 1981 
080 |a 908(437.6)  |2 1981 
110 2 |a MAPA Slovakia Plus (Bratislava, Slovensko)  |4 aut  |4 pbl  |9 72826 
245 1 0 |a Nitra  |h kartografický dokument  |b mapa mesta  |c MAPA Slovakia Plus 
250 |a [1. vyd.] 
255 |a Mierka 1:12 500 
260 |a Bratislava  |b Mapa Slovakia Plus  |c c2004 
300 |a 1 mapa  |b fareb.  |c 96 x 66 cm zložená na 23 x 13 cm 
500 |a Súbež. text nem., angl. , maď. 
500 |a Mapa obojstr., obsahuje inform. , rekl., fareb. fotogr., reg. ulíc, 2 dopl. mp. 
651 7 |a Nitra (Slovensko)  |2 SNKPH  |9 15714 
655 7 |a orientačné plány  |2 SNKPH  |9 74276 
919 |a 80-968889-3-5 
999 |c 943913  |d 945843 
952 |t P60, <03>, [BOOK], {603}  |a SNK  |b SNK  |y PREZ  |7 0  |p 17A0430688  |o snkSLCm 2360  |i snkKSP 7117/2004  |0 0  |1 0  |4 0  |d 2004-05-31  |l 0  |r 2005-01-02 00:00:00  |w 2026-02-24 
952 |t P60, <04>, [BOOK], {604}  |a SNK  |b SNK  |y VYP  |7 0  |p 17A0430689  |o snkSLCm 2360 D1  |i snkKSP 7118/2004  |0 0  |1 0  |4 0  |d 2004-05-31  |l 0  |r 2005-01-02 00:00:00  |w 2026-02-24